Online
Catalog

El continente por descubrir : (Record no. 2598)

MARC details
000 -CABECERA
campo de control de longitud fija 00997cam a2200217 a 4500
001 - NÚMERO DE CONTROL
campo de control 000002764
005 - FECHA Y HORA DE LA ÚLTIMA TRANSACCIÓN
campo de control 20200929150243.0
008 - DATOS DE LONGITUD FIJA--INFORMACIÓN GENERAL
campo de control de longitud fija 830310s1983 mx b s001 0 spa
040 ## - FUENTE DE LA CATALOGACIÓN
Centro catalogador/agencia de origen DO-SdBNP
Lengua de catalogación spa
Centro/agencia transcriptor BNPHU
082 ## - NÚMERO DE LA CLASIFICACIÓN DECIMAL DEWEY
Número de clasificación 928.973
Número de documento/Ítem D553J
100 1# - ENTRADA PRINCIPAL--NOMBRE DE PERSONA
Nombre de persona Juhasz, Suzanne,
Fechas asociadas al nombre 1942-
9 (RLIN) 8710
240 14 - TÍTULO UNIFORME
Título uniforme The undiscovered continent. Emily Dickinson and the space of the mind.
Lenguaje de la obra Español.
245 13 - MENCIÓN DE TÍTULO
Título El continente por descubrir :
Resto del título Emily Dickinson y el espacio de la mente /
Mención de responsabilidad, etc. Suzanne Juhasz; Traducción de Elisa Moreno C.
260 ## - PUBLICACIÓN, DISTRIBUCIÓN, ETC.
Lugar de publicación, distribución, etc. Bloomington :
Nombre del editor, distribuidor, etc. Indiana University Press,
Fecha de publicación, distribución, etc. 1983.
300 ## - DESCRIPCIÓN FÍSICA
Extensión ix, 189 p. ;
Dimensiones 25 cm.
504 ## - NOTA DE BIBLIOGRAFÍA, ETC.
Nota de bibliografía, etc. Incluye referencias bibliográficas e índice.
534 ## - NOTA SOBRE LA VERSIÓN ORIGINAL
Encabezamiento principal del original Título de la obra en inglés:
Mención de título del original The undiscovered continent. Emily Dickinson and the space of the mind.
600 14 - PUNTO DE ACCESO ADICIONAL DE MATERIA--NOMBRE DE PERSONA
Nombre de persona DICKINSON, EMILY,
Fechas asociadas al nombre 1830-1886
Subdivisión general CRÍTICA E INTERPRETACIÓN
9 (RLIN) 8711
650 #4 - PUNTO DE ACCESO ADICIONAL DE MATERIA--TÉRMINO DE MATERIA
Término de materia o nombre geográfico como elemento de entrada Mujeres en la literatura
Subdivisión geográfica Estados Unidos
Subdivisión general Historia
Subdivisión cronológica SIGLO XIX
9 (RLIN) 8712
700 1# - PUNTO DE ACCESO ADICIONAL--NOMBRE DE PERSONA
Nombre de persona Moreno C, Elisa,
Término indicativo de función/relación tr.
9 (RLIN) 8713
Holdings
Estado de retiro Estado de pérdida Restricciones de uso No para préstamo Código de colección Localización permanente Ubicación/localización actual Ubicación en estantería Fecha de adquisición Número de inventario Total de préstamos Signatura topográfica completa Código de barras Fecha visto por última vez Precio válido a partir de Tipo de ítem Koha
    Préstamo interno   Monografías: Libros y Folletos General General En catalogación 17.07.2009 LF1   928.973 D553J 2764-10 25.06.2020 25.06.2020 Préstamo interno

Powered by Koha